The Effect of Bis(3-Triethoxysilylpropyl) tetrasulfide on silica reinforcement of styrene-butadiene rubber (Record no. 70601)

MARC details
000 -LEADER
fixed length control field 00472nam a2200157Ia 4500
100 ## - MAIN ENTRY--AUTHOR NAME
Personal name Hashim A S
245 #4 - TITLE STATEMENT
Title The Effect of Bis(3-Triethoxysilylpropyl) tetrasulfide on silica reinforcement of styrene-butadiene rubber
260 ## - PUBLICATION, DISTRIBUTION, ETC. (IMPRINT)
Name of publisher Rubber Chemistry and Technology
Year of publication 1998
300 ## - PHYSICAL DESCRIPTION
Number of Pages 289-299
650 ## - SUBJECT ADDED ENTRY--TOPICAL TERM
Topical Term Styrene-butadiene rubber
700 ## - ADDED ENTRY--PERSONAL NAME
Personal name Azahari B
700 ## - ADDED ENTRY--PERSONAL NAME
Personal name Ikeda Y
700 ## - ADDED ENTRY--PERSONAL NAME
Personal name Kohjiya S
942 ## - ADDED ENTRY ELEMENTS (KOHA)
Koha item type Journals
Holdings
Withdrawn status Lost status Damaged status Not for loan Home library Current library Shelving location Date acquired Serial Enumeration / chronology Koha item type
      Journals RRII Library RRII Library Rubber chemistry 17/12/2021 Volume 71, Issue 2 Journals